000 00649nam a22002057a 4500
999 _c12475
_d12475
003 AR-CdUCM
008 190409b ||||| |||| 00| 0 spa d
040 _aMUNICIPALIDAD PROVINCIAL DEL CUSCO
_cBIBLIOTECA MUNICIPAL DEL CUSCO
082 _a344.3 /
_bH15 / 1932
100 _aHague, Juan Luis
_930332
245 _aLa caracterización del delincuente :
_bestudio jurídico /
260 _aLima :
_c1932.
300 _a47 páginas :
_c21 cm.
505 _aContenido: Estudio en derecho.
650 _aDerecho
_9739
650 _aEstudio técnico
_930333
650 _aHecho delictuoso
_930334
942 _2ddc
_cLIBROS
945 _adavv
_d09/04/2019